| 000 | 00525cab a2200205 4500 | ||
|---|---|---|---|
| 001 | X2621 | ||
| 008 | 090401t1990 xxu||||| |||| 00| 0 eng d | ||
| 035 | _a(Sirsi) u25379 | ||
| 041 | _aeng | ||
| 100 | _aCole, J. | ||
| 245 | 4 | _aThe choice of construction planning systems | |
| 260 | _c1990 | ||
| 350 | _a0 | ||
| 490 |
_aChartered Builder _v2(5) September/October 1990, 11-13(3) |
||
| 650 | _aCONSTRUCTION PROJECTS | ||
| 650 | _aSCHEDULING | ||
| 690 |
_aProject management _96261 |
||
| 942 | _n0 | ||
| 948 | _c04/03/1997 | ||
| 999 |
_c17041 _d17041 |
||